Domaines internet de premier niveau de tous les pays et territoires - Statistiques

Statistiques générales
  • Ce quiz a été pris 181 fois
  • Le résultat moyen est 61 sur 252
Statistiques - réponses
Hint Réponse % Correct
.be Belgique
69%
.af Afghanistan
68%
.fr France
67%
.ca Canada
62%
.fi Finlande
62%
.de Allemagne
61%
.au Australie
61%
.fj Fidji
60%
.dk Danemark
59%
.it Italie
59%
.es Espagne
58%
.az Azerbaïdjan
57%
.kz Kazakhstan
57%
.zw Zimbabwe
57%
.ru Russie
56%
.cz République Tchèque
55%
.ga Gabon
53%
.jp Japon
53%
.is Islande
52%
.uk Royaume-Uni
52%
.rw Rwanda
51%
.ch Suisse
51%
.at Autriche
50%
.nz Nouvelle-Zélande
50%
.ye Yémen
50%
.zm Zambie
50%
.dj Djibouti
49%
.us États-Unis
49%
.qa Qatar
49%
.br Brésil
48%
.ro Roumanie
48%
.pt Portugal
47%
.va Vatican
47%
.pl Pologne
46%
.hu Hongrie
45%
.lt Lituanie
45%
.tv Tuvalu
45%
.uy Uruguay
45%
.ve Venezuela
45%
.jo Jordanie
44%
.gr Grèce
43%
.iq Irak
42%
.lv Lettonie
42%
.al Albanie
41%
.ke Kenya
41%
.om Oman
41%
.ar Argentine
40%
.in Inde
40%
.ir Iran
40%
.kg Kirghizistan
40%
.mx Mexique
40%
.bw Botswana
38%
.ge Géorgie
38%
.pa Panama
38%
.nl Pays-Bas
38%
.sk Slovaquie
38%
.tz Tanzanie
38%
.vu Vanuatu
38%
.dm Dominique
37%
.lu Luxembourg
37%
.no Norvège
37%
.dz Algérie
36%
.ad Andorre
36%
.bg Bulgarie
36%
.pe Pérou
36%
.am Arménie
35%
.co Colombie
35%
.ec Équateur
35%
.pk Pakistan
35%
.do République Dominicaine
35%
.jm Jamaïque
34%
.lb Liban
34%
.bo Bolivie
33%
.gh Ghana
33%
.ie Irlande
33%
.kw Koweit
33%
.vn Viêt-Nam
33%
.bz Belize
32%
.ki Kiribati
32%
.li Liechtenstein
31%
.mz Mozambique
31%
.na Namibie
31%
.ph Philippines
31%
.cy Chypre
30%
.eg Egypte
30%
.ee Estonie
30%
.et Ethiopie
30%
.hk Hong Kong
30%
.id Indonésie
30%
.la Laos
30%
.mc Monaco
30%
.uz Ouzbékistan
30%
.ua Ukraine
30%
.cl Chili
29%
.cn Chine
29%
.ni Nicaragua
29%
.py Paraguay
29%
.se Suède
29%
.er Erythrée
28%
.hn Honduras
28%
.nr Nauru
28%
.ng Nigeria
28%
.ug Ouganda
28%
.th Thaïlande
28%
.to Tonga
28%
.eu Union Européenne
28%
.bd Bangladesh
27%
.tg Togo
27%
.hr Croatie
26%
.so Somalie
26%
.bb Barbade
25%
.gn Guinée
25%
.gy Guyana
25%
.tj Tadjikistan
25%
.cm Cameroun
24%
.bt Bhoutan
23%
.cu Cuba
23%
.gt Guatemala
23%
.ht Haïti
23%
.ly Libye
23%
.mg Madagascar
23%
.md Moldavie
23%
.cg République du Congo
23%
.sm Saint-Marin
23%
.si Slovénie
23%
.ss Soudan du Sud
23%
.sy Syrie
23%
.kr Corée du Sud
22%
.il Israël
22%
.ao Angola
21%
.bh Bahrein
21%
.mr Mauritanie
21%
.sg Singapour
21%
.sr Suriname
21%
.td Tchad
21%
.za Afrique du Sud
20%
.bf Burkina Faso
20%
.ml Mali
20%
.sd Soudan
20%
.tw Taïwan
20%
.mn Mongolie
19%
.ne Niger
19%
.sa Arabie Saoudite
18%
.sz Eswatini
18%
.gm Gambie
18%
.gb Grande-Bretagne
18%
.gq Guinée Équatoriale
18%
.ls Lesotho
18%
.mk Macédoine du Nord
18%
.mw Malawi
18%
.me Monténégro
18%
.np Népal
18%
.tm Turkménistan
18%
.by Biélorussie
17%
.sn Sénégal
17%
.bs Bahamas
16%
.ci Côte d'Ivoire
16%
.fo Iles Féroé
16%
.pg Papouasie-Nouvelle-Guinée
16%
.tt Trinité-et-Tobago
16%
.ag Antigua-et-Barbuda
15%
.gd Grenade
15%
.my Malaisie
15%
.mt Malte
15%
.nc Nouvelle-Calédonie
15%
.cd République Démocratique du Congo
15%
.sv Salvador
15%
.wf Wallis-et-Futuna
15%
.kh Cambodge
14%
.ae Emirats Arabes Unis
14%
.sc Seychelles
14%
.ba Bosnie-Herzégovine
12%
.bi Burundi
12%
.gw Guinée-Bissau
12%
.lr Liberia
12%
.mv Maldives
12%
.bn Brunei
11%
.cv Cap-Vert
11%
.kp Corée du Nord
11%
.gi Gibraltar
11%
.gl Groenland
11%
.pf Polynésie Française
11%
.st Sao Tomé-et-Principe
11%
.bj Bénin
10%
.fk Iles Malouines
10%
.mu Maurice
10%
.mm Myanmar
10%
.cf République Centrafricaine
10%
.sl Sierra Leone
10%
.gp Guadeloupe
9%
.gu Guam
9%
.nu Niue
9%
.tl Timor Oriental
9%
.zr Zaïre
9%
.ck Iles Cook
8%
.je Jersey
7%
.re La Réunion
7%
.pw Palaos
7%
.pr Porto Rico
7%
.vc Saint-Vincent-et-les-Grenadines
7%
.rs Serbie
7%
.aw Aruba
6%
.gf Guyane Française
6%
.mh Iles Marshall
6%
.sb Iles Salomon
6%
.vi Iles Vierges des États-Unis
6%
.mq Martinique
6%
.lc Sainte-Lucie
6%
.tk Tokelau
6%
.aq Antarctique
5%
.bm Bermudes
5%
.cw Curaçao
5%
.vg Iles Vierges Britanniques
5%
.mo Macao
5%
.kn Saint-Christophe-et-Niévès
5%
.lk Sri Lanka
5%
.ai Anguilla
4%
.gg Guernesey
4%
.cx Ile Christmas
4%
.ac Ile de l'Ascension
4%
.fm Micronésie
4%
.ps Palestine
4%
.pn Pitcairn
4%
.mf Saint-Martin
4%
.im Île de Man
3%
.nf Iles Norfolk
3%
.yt Mayotte
3%
.ms Montserrat
3%
.pm Saint-Pierre-et-Miquelon
3%
.ws Samoa
3%
.sj Svalbard et Jan Majen
3%
.tf Terres australes et antarctiques françaises
3%
.ax Åland
2%
.an Antilles Néerlandaises
2%
.km Comores
2%
.gs Géorgie du Sud et Iles Sandwich
2%
.bv Île Bouvet
2%
.ky Îles Caïmans
2%
.cc Iles Coco
2%
.mp Iles Mariannes du Nord
2%
.eh Sahara occidental
2%
.bl Saint-Barthélémy
2%
.sx Saint-Martin (Pays-Bas)
2%
.as Samoa américaines
2%
.io Territoire Britannique de l'Océan Indien
2%
.su CEI
1%
.um Îles mineures éloignées des États-Unis
1%
.tc Iles Turks-et-Caïkos
1%
.bq Pays-Bas Caribéens
1%
.sh Sainte-Hélène
1%
.cs Serbie-et-Monténégro
1%
.hm Iles Heart-et-McDonald
0%
Aucun quiz correspondant
Distribution des résultats
% des personnes avec chaque résultat
Percentile par nombre de réponses
Votre historique - résultats
Vous n’avez pas pris ce quiz